[Event "ROM-ch U08"]
[Site "Calimanesti"]
[Date "2018.03.29"]
[Round "3"]
[White "Furfurica, Alexandru"]
[Black "Talpa, Eric Daniel"]
[Result "1/2-1/2"]
[WhiteElo "1001"]
[BlackElo "1001"]
[PlyCount "63"]
[EventDate "2018.03.27"]
[EventType "swiss"]
[EventRounds "9"]
[EventCountry "ROU"]
[SourceTitle "CBM 183 Extra"]
[Source "ChessBase"]
[SourceDate "2018.04.19"]
[SourceVersion "1"]
[SourceVersionDate "2018.04.19"]
[SourceQuality "1"]

1. d4 d5 2. Nf3 Nf6 3. Bf4 Bf5 4. e3 e6 5. Bd3 Bd6 6. Nbd2 Nbd7 7. c3 c6 8. 0-0 0-0 9. h3 h6 10. a3 a6 11. Qe2 Qe7 12. Rfe1 Rfe8 13. e4 e5 14. exf5 exf4 15. Qxe7 Bxe7 16. b4 b5 17. Rad1 Rad8 18. Ra1 Ra8 19. a4 bxa4 20. Rxa4 Reb8 21. Rxe7 Rd8 22. c4 dxc4 23. Bxc4 Nb6 24. Bxf7+ Kh8 25. Ra1 Nbd5 26. Bxd5 Rxd5 27. Nh4 Ne8 28. Nf1 Rxd4 29. Nh2 Rxb4 30. Ng4 h5 31. Ne5 Rc8 32. Neg6+ 1/2-1/2